Logos NBA - Mort Subite - Statistiques

Statistiques générales
  • Ce quiz a été pris 712 fois
    706 depuis la dernière actualisation
  • Le résultat moyen est 23 sur 30
Answers on the Grid
Answers color-coded by a green-red scale on the quiz's grid according to % correct below.
 
Statistiques - réponses
Réponse % Correct
Chicago Bulls
86%
Los Angeles Lakers
84%
Golden State Warriors
83%
Miami Heat
83%
Memphis Grizzlies
82%
New York Knicks
82%
San Antonio Spurs
81%
Charlotte Hornets
80%
Detroit Pistons
79%
Indiana Pacers
79%
Milwaukee Bucks
79%
Minnesota Timberwolves
78%
Boston Celtics
77%
Sacramento Kings
77%
Utah Jazz
77%
NBA
77%
Houston Rockets
76%
Philadelphia 76ers
76%
Cleveland Cavaliers
75%
Oklahoma City Thunder
74%
Brooklyn Nets
73%
Portland Trail Blazers
73%
Atlanta Hawks
72%
Phoenix Suns
72%
Denver Nuggets
71%
Toronto Raptors
71%
Washington Wizards
71%
New Orleans Pelicans
70%
Orlando Magic
59%
LA Clippers
52%
Aucun quiz correspondant
Distribution des résultats
% des personnes avec chaque résultat
Percentile par nombre de réponses
Votre historique - résultats
Vous n’avez pas pris ce quiz depuis la dernière actualisation